000 00531nam a2200217Ia 4500
005 20241129115705.0
008 241129s9999||||xx |||||||||||||| ||und||
020 _a9788124610657
037 _aTB
040 _aSDCL
_beng
_cSDCL
041 _aeng
_2eng
084 _aR4 R1
_qSDCL
100 _aPrasad Rajendra
245 0 _aParadox of obligation
260 _aDelhi
_bDK Printworld
_c2021
300 _a1,440p
365 _aINR
_b1600
650 _aPhilosophy
942 _cTB
_hR4 R1
999 _c1231580
_d1231580